00660nam a2200205Ia 4500082001800000245006200018440004700080504003600127650002700163650003400190650002100224650002900245650003200274650002800306650002300334650003100357700001900388700002100407700002600428 a304.6095 HUM- 0aHuman resources in development along the Asia-Pacific rim aSouth-East Asian social science monographs aincludes bibliography and index aAsiavEconomic policy  aPacific areavEconomic policy aAsiavPopulation aPacific areavPopulation aHuman capitalvPacific area aEducationvPacific area aMedical carevAsia aMedical carevPacific area aOgawa, Naohiro aJones , Gavin W. aWilliamson, Jeffery G